02139nam a2200349 a 45000010008000000030006000080050017000140080041000310100017000720200015000890350022001040400013001260430012001390500023001510820015001741000050001892450138002392600102003773000035004795000116005145040041006305050632006716100148013036500034014516510045014857000023015307000030015537100034015837100031016177100055016487110086017031675593OCoLC20220326193246.0980224s1997 cr a b f100 0 spa  a 98118624  a9968983500 a(NcChVT)VT60CR117 aDLCcDLC anccr---00aF1543.8b.C34 1992 a306bC175c aOyamburu, Jesús y González Miguel Ángel00aCambio de época y producción cultural desde Costa Rica /c[coordinación de la obra, Jesús Oyamburu, Miguel Angel González]. a[San José, Costa Rica?] :bEmbajada de España :bCentro Cultural Español-ICI :bAECI,c1997 axiii, 261 p. :bill. ;c21 cm. aProceedings of Primer Encuentro Cambio de Epoca y Producción Cultural desde Costa Rica, held Nov.-Dec., 1996. aIncludes bibliographical references. tPresentacióntI. Cambio de época e identidad culturaltII. Políticas públicas hacia la culturatIII. Culturas regionales, descentralización y políticas culturalestIV. Agentes en el proceso de producción artísticatV. La cooperación cultural, la promoción y la producción artística en Costa RicatVI. Diagnóstico y propuestas para las artes musicalestVII. Diagnóstico y propuestas para las artes plásticastVIII. Diagnóstico y propuestas para las artes audiovisualestIX. Diagnóstico y propuestas para las artes escénicastX. Diagnóstico y propuestas para las artes literariastXI. Anexos xIdentidad Cultural- Costa RicaxPolítica Cultural- Costa RicaxSociología Cultural- Costa RicaxDesarrollo Cultural- Costa RicazCosta Rica 0aArtszCosta RicaxCongresses. 0aCosta RicaxCultural policyxCongresses.1 aOyamburu, Jesús.1 aGonzález, Miguel Angel.1 aSpain.bEmbajada (Costa Rica)2 aCentro Cultural Español.2 aAgencia Española de Cooperación Internacional.2 aEncuentro Cambio de Epoca y Producción Cultural desde Costa Rican(1st :d1996)